1436 1443 1230 1246 1642 1971 1134 1352 1836 1456 1946 1553 1640 1632 1960 1592 1171 1942 1052 1792 1225 1445 2000 1157 1013 1087 1897 1542 1029 1238 1303 1384 1865 1875 1514 1611 1428 1098 1854 1263 1868 1826 1992 1299 1542 1009 1367 1319 1720 1149 1861 1973 1817 1718 1325 1537 1332 1958 1731 1344 1795 1117 1748 1393 1631 1701 1302 1781 1744 1789 1479 1263 1688 1134 1478 1691 1832 1434 1245 1046 1370 1366 1421 1792 1645 1235 1907 1935 1719 1013 1546 1469 1513 1957 1731 1633 1751 1774 1146 BCNSPRNW ULIB Ver.6.0+V

เปลี่ยนเป็นภาษาไทย

Change to English
 แสดงรายละเอียดบรรณานุกรม
  กลับหน้าหลัก

Brief Record : Get Marc (ISO 2709) : E-mail record : QR code < ปิดหน้าต่าง
LEADER : 00000nas 2200000uu 4500
001    13399114258
003     ULIB
008    020711s|||| th a 000 0 tha d
110    ^aโรงพยาบาลสมเด็จพระยุพราชตะพานหิน
245    ^aวารสารโรงพยาบาลสมเด็จพระยุพราชตะพานหิน
260    ^aพิจิตร :^bโรงพยาบาลสมเด็จพระยุพราชตะพานหิน,^cม.ป.ป.
310    ^aราย 6 เดือน
850 ^a ULIB^bฉบับที่ 18 ปีที่ 10 ;ฉบับที่ 18 ปีที่ 10 ฉ.2 ;ฉบับที่ 18 ปีที่ 10 ฉ.3 ;ฉบับที่ 19 ปีที่ 10 ;ฉบับที่ 25 ปีที่ 13 ฉ.2 ;ฉบับที่ 25 ปีที่ 13 ฉ.1
945    ^p0^l0^i900239
945    ^p0^l0^i900240
945    ^p0^l0^i900241
945    ^p0^l0^i900663
945    ^p0^l0^i903258
945    ^p0^l0^i903257
รายการนี้ยังไม่มีแท็ก
คุณยังไม่ได้ล็อกอิน คุณสามารถมีกิจกรรมร่วมกับเว็บไซต์ได้ แต่ต้องล็อกอินก่อน ::
  ล็อกอิน

รายการสื่อสารสนเทศ (วารสาร)

ดูแบบ: กล่อง รายการ
ARRIVED
ฉบับที่ 18 ปีที่ 10
สถานที่: ห้องสมุดวิทยาเขตสวรรค์ประชารักษ์ >วารสาร
ARRIVED
ฉบับที่ 19 ปีที่ 10
สถานที่: ห้องสมุดวิทยาเขตสวรรค์ประชารักษ์ >วารสาร
ARRIVED
ฉบับที่ 25 ปีที่ 13 ฉ.2
สถานที่: ห้องสมุดวิทยาเขตสวรรค์ประชารักษ์ >หนังสือพิมพ์
รายการใกล้เคียง
    ชื่อเรื่อง [วารสารโรงพยาบาลสมเด็จพระยุพราชตะพานหิน]

    ผู้แต่ง []

BibComment


ยังไม่เคยถูกคอมเมนท์

คอมเมนท์ทรัพยากรรายการนี้
  คอมเมนท์: วารสารโรงพยาบาลส..


 Copyright 2026. Bcnsprnw @Library